Fuentes documentales para la historia de la Amazonía colombiana (Registro nro. 304614)
[ vista simple ]
| 000 -ENCABEZADO | |
|---|---|
| Número de control [NR] | 01667nam a2200253 4500 |
| 005 - FECHA Y HORA DE LA ÚLTIMA TRANSACCIÓN | |
| control field | 20160912140556.0 |
| 008 - DE LONGITUD FIJA DE DATOS DE ELEMENTOS - INFORMACIÓN GENERAL | |
| Elementos de longitud fija [NR] | 160912s2012 ck |||fr|||| 001 0 spa d |
| 040 ## - FUENTE DE CATALOGACION [NR] | |
| Quien Cataloga | Sandra Yazo |
| Quien Clasifica | Sandra Yazo |
| 041 0# - CODIGO DE IDIOMA [R] | |
| Código de idioma para texto/pista de sonido o título separado [R] | Español |
| 082 04 - NUMERO DE CLASIFICACION DECIMAL DEWEY [R] | |
| Número de la edición [NR] | 20 |
| Número de clasificación [R] | 986.17 |
| 092 ## - SIGNATURA TOPOGRAFICA LOCAL | |
| Número de clasificación local | E63N066 |
| 100 1# - ASIENTO PRINCIPAL--NOMBRE PERSONAL [NR] | |
| Nombre personal [NR] | Gómez López, Augusto Javier |
| ID Autoridad | 79935 |
| 245 10 - MENCION DE TITULO [NR] | |
| Título [NR] | Fuentes documentales para la historia de la Amazonía colombiana |
| Parte restante del título [NR] | Volumen I (1597 - 1844) |
| Mención de responsabilidad, etc. [NR] | Augusto Javier Gómez López ; Gabriel Cabrera Becerra |
| 260 ## - PUBLICACION, DISTRIBUCION, ETC. (PIE DE IMPRENTA) [R] | |
| Lugar de publicación, distribución, etc. [R] | Bogotá (Colombia) |
| Nombre del editor, distribuidor, etc. [R] | Universidad Nacional del Colombia. Facultad de ciencias humanas |
| -- | Archivo General de la Nación |
| Fecha de publicación, distribución, etc. [R] | 2012 |
| 300 ## - DESCRIPCION FISICA [R] | |
| Extensión [R] | 480 páginas |
| Dimensiones [R] | 28 x 21 cm |
| 500 ## - NOTA GENERAL [R] | |
| Nota general [NR] | Detalles físicos: Encuadernación flexible en cartulina, tapas con datos de publicación. Portada sencilla. Texto impreso en una sola columna. Algunos cuadros entre el texto |
| 505 0# - NOTA DE CONTENIDO CON FORMATO PREESTABLECIDO [R] | |
| Nota de contenido con formato preestablecido [NR] | A propósito de la Amazonía y las fuentes documentales primarias ; Fragmentos para una historia de la estructuración político – administrativa de la Amazonía colombiana ; Archivo General de Indicas de Sevilla ; Archivo central del Cauca ; Archivo del Ministerio de Relaciones Exteriores de la República del Ecuador. Quito – Cancillería del Ecuador – Documentos coloniales ; Archivo Nacional de Ecuador. Quito – Documentos coloniales ; Arquidiócesis de Popayán Archivo histórico. Documentos coloniales y republicanos |
| 506 ## - NOTA DE RESTRICCIONES DE ACCESO [R] | |
| Condiciones de acceso [NR] | Consulta en sala |
| 651 #4 - ASIENTO SECUNDARIO DE MATERIA - NOMBRE GEOGRAFICO [R] | |
| Nombre geográfico [NR] | Amazonas (Colombia) |
| Subdivisión general [R] | Historia |
| 9 (RLIN) | 79936 |
| 651 #4 - ASIENTO SECUNDARIO DE MATERIA - NOMBRE GEOGRAFICO [R] | |
| Nombre geográfico [NR] | Amazonas (Colombia) |
| Subdivisión general [R] | Fuentes |
| 9 (RLIN) | 79937 |
| 690 ## - ASUNTO AGREGADO LOCAL DE ENTRADA - TÉRMINO TEMÁTICO (OCLC, RLIN) | |
| Acceso temático local | Historia de Colombia |
| 9 (RLIN) | 26508 |
| 700 1# - ASIENTO SECUNDARIO - NOMBRE PERSONAL [R] | |
| Nombre personal [NR] | Cabrera Becerra, Gabriel |
| 9 (RLIN) | 54239 |
| 942 ## - ELEMENTOS DE ENTRADA AGREGADOS (KOHA) | |
| Tipo de ítem principal el descrito en 300a | Libro |
| Sistema de clasificación | LOCAL |
| Edición | 1 |
| Clasificación | E63N066 |
| Suprimido | Perdido | Sistema de clasificación | Dañado | No prestable | Tipo de ítem específico | Ubicación habitual | Ubicación actual | Localización | Fecha de creación | Forma de adquisición | Total préstamos | Signatura topográfica | Código de barras | Última vez visto | Ejemplar | Price effective from | Tipo de ítem |
|---|---|---|---|---|---|---|---|---|---|---|---|---|---|---|---|---|---|
| LOCAL | Libro archivo | Archivo Histórico | Archivo Histórico | Archivo histórico | 12/09/2016 | Donación | E63N066 | L005865 | 12/09/2016 | Ej.1 | 12/09/2016 | Libro |